Manufacturing development applications : guidelines for attaining quality and productivity /

Bibliographic Details
Main Author: McHose, Andre
Format: Book
Published: N.Y: Irwin, 1992.
Subjects:
LEADER 00585cam a2200205 7i4500
001 0000041142
005 20151104090000.0
005 ##20151104152000.0
002 ##000001324
003 ##MY-KlINT
008 151104 00010 eng
020 # # |a 1556235720  
039 # 9 |y 201511041520  |z VLOAD 
090 0 0 |a 658.562 MAC  
100 1 # |a McHose, Andre. 
245 0 0 |a Manufacturing development applications :   |b guidelines for attaining quality and productivity /   |c Andre McHose.. 
260 # # |a N.Y:   |b Irwin,   |c 1992. 
300 # # |a xiv:   |b 204 p.. 
650 # 0 |a Labour productivity  
650 # 0 |a Quality control